000 00676nam a22002177a 4500
003 OSt
005 20140821213006.0
008 131114b199? slv spa
040 _cBMC
082 _a972.8423
082 _a972.84
100 1 _93669
_aArocha, Antonio R.
245 1 3 _aLa República de El Salvador
_b: Departamento de San Salvador
_c[obra inédita del Dr. Antonio R. Arocha]
260 _aSan Salvador
_bCodice
_c[s.a.]
300 _a83, [2] p.
_bil. col. y n., mapas
_c24 cm
490 _aAntropología
_v1
500 _aDatos tomados de la cub.
651 4 _99298
_aEl Salvador
_xDescripción
651 4 _99305
_aSan Salvador
_xDescripción
942 _2ddc
_cBK
999 _c4138
_d4138